Science and cultivation of edible fungi (Record no. 25187)
[ view plain ]
| 000 -CABECERA | |
|---|---|
| campo de control de longitud fija | 01234nam a22003497a 4500 |
| 003 - IDENTIFICADOR DEL NÚMERO DE CONTROL | |
| campo de control | CHAP |
| 005 - FECHA Y HORA DE LA ÚLTIMA TRANSACCIÓN | |
| campo de control | 20220329134738.0 |
| 008 - DATOS DE LONGITUD FIJA--INFORMACIÓN GENERAL | |
| campo de control de longitud fija | 971013s1991 r 10010 d |
| 010 ## - NÚMERO DE CONTROL DE LA BIBLIOTECA DEL CONGRESO | |
| Número de control de LC | 25187 |
| 011 ## - ENLACE DEL NUMERO DE CONTROL DE LA BIBLIOTECA DEL CONGRESO [OBSOLETO] | |
| Número de control de LC | 26159 |
| 035 ## - NÚMERO DE CONTROL DEL SISTEMA | |
| Número de control de sistema | 30259 |
| 040 ## - FUENTE DE LA CATALOGACIÓN | |
| Centro/agencia transcriptor | CHAP |
| 082 ## - NÚMERO DE LA CLASIFICACIÓN DECIMAL DEWEY | |
| Número de clasificación | 635.8063 |
| Número de documento/Ítem | I5 |
| 111 00 - ENTRADA PRINCIPAL--NOMBRE DE CONGRESO/REUNIÓN | |
| Nombre de congreso/reunión o jurisdicción como elemento de entrada | International Congress on the Science and Cultivation of Edible Fungi ( |
| Número del congreso/reunión o número de parte o sección | 13 |
| Fecha del congreso/reunión | : 1991 |
| Sede del congreso/Lugar de la reunión | : Dublin, Ireland) |
| 9 (RLIN) | 59670 |
| 245 ## - MENCIÓN DE TÍTULO | |
| Título | Science and cultivation of edible fungi |
| 260 ## - PUBLICACIÓN, DISTRIBUCIÓN, ETC. | |
| Lugar de publicación, distribución, etc. | Rotterdam : |
| Nombre del editor, distribuidor, etc. | A. A. Balkema, |
| Fecha de publicación, distribución, etc. | 1991 |
| 300 ## - DESCRIPCIÓN FÍSICA | |
| Extensión | 2v. |
| Otras características físicas | ; gráfs. |
| 490 ## - MENCIÓN DE SERIE | |
| Mención de serie | Mushroom science |
| Designación de volumen o secuencia | ; 13 |
| 590 ## - NOTA LOCAL (RLIN) | |
| Nota local | BATCH-UPD |
| Procedencia (VM) [OBSOLETO] | 10 |
| Condición del los carretes individuales (VM) [OBSOLETO] | 20130110 |
| -- | UCH01 |
| -- | 0038 |
| 590 ## - NOTA LOCAL (RLIN) | |
| Nota local | BATCH-UPD |
| Procedencia (VM) [OBSOLETO] | 10 |
| Condición del los carretes individuales (VM) [OBSOLETO] | 20130110 |
| -- | UCH01 |
| -- | 1811 |
| 590 ## - NOTA LOCAL (RLIN) | |
| Nota local | CONVERSION |
| Procedencia (VM) [OBSOLETO] | 10 |
| Condición del los carretes individuales (VM) [OBSOLETO] | 20130109 |
| -- | UCH01 |
| -- | 1315 |
| 650 14 - PUNTO DE ACCESO ADICIONAL DE MATERIA--TÉRMINO DE MATERIA | |
| Término de materia o nombre geográfico como elemento de entrada | Agaricus bisporus. |
| 9 (RLIN) | 1063 |
| 650 14 - PUNTO DE ACCESO ADICIONAL DE MATERIA--TÉRMINO DE MATERIA | |
| Término de materia o nombre geográfico como elemento de entrada | Hongos comestibles |
| Subdivisión general | Congresos. |
| 9 (RLIN) | 56125 |
| 650 14 - PUNTO DE ACCESO ADICIONAL DE MATERIA--TÉRMINO DE MATERIA | |
| Término de materia o nombre geográfico como elemento de entrada | Pleurotus. |
| 9 (RLIN) | 89173 |
| 650 14 - PUNTO DE ACCESO ADICIONAL DE MATERIA--TÉRMINO DE MATERIA | |
| Término de materia o nombre geográfico como elemento de entrada | Sustratos. |
| 9 (RLIN) | 110789 |
| 700 0# - PUNTO DE ACCESO ADICIONAL--NOMBRE DE PERSONA | |
| Nombre de persona | Maher, Michael J. |
| Término indicativo de función/relación | ed. |
| 9 (RLIN) | 69876 |
| 830 0# - PUNTO DE ACCESO ADICIONAL DE SERIE-TÍTULO UNIFORME | |
| Título uniforme | Mushroom science |
| Designación de volumen o secuencia | ; 13 |
| 9 (RLIN) | 79889 |
| 901 ## - ELEMENTOS DE DATOS A LOCAL LDA (RLIN) | |
| a | BK |
| 942 ## - ELEMENTOS DE PUNTO DE ACCESO ADICIONAL (KOHA) | |
| Tipo de ítem Koha | Libro |
| 949 ## - PROCESAMIENTO DE INFORMACIÓN LOCAL (OCLC) | |
| a | 635.8063 I5 |
| b | BC |
| c | LIBRO |
| d | 33724000253027 |
| e | LIBRO |
| f | v.1 |
| g | I.173771 |
| h | 87692 |
| i | 30259 |
| s | i |
| t | 227.09 |
| 949 ## - PROCESAMIENTO DE INFORMACIÓN LOCAL (OCLC) | |
| a | 635.8063 I5 |
| b | BC |
| c | LIBRO |
| d | 33724000253035 |
| e | LIBRO |
| f | v.2 |
| g | I.173771 |
| h | 87693 |
| i | 30259 |
| s | i |
| t | 227.09 |
| Estado de retiro | Estado de pérdida | Fuente del sistema de clasificación o colocación | Estado dañado | Restricciones de uso | No para préstamo | Código de colección | Localización permanente | Ubicación/localización actual | Ubicación en estantería | Fecha de adquisición | Fuente de adquisición | Información codificada de la localización en otra ubicación | Total de préstamos | Signatura topográfica completa | Código de barras | Fecha visto por última vez | Número de copia | Precio válido a partir de | Tipo de ítem Koha |
|---|---|---|---|---|---|---|---|---|---|---|---|---|---|---|---|---|---|---|---|
| Dewey Decimal Classification | Préstamo 15 días | General | Biblioteca Central | Biblioteca Central | Planta principal - Colección General | 31/12/2019 | I.173771 | LIBRO | 635.8063 I5 | 33724000253027 | 31/12/2019 | v.1 | 31/12/2019 | Libro | |||||
| Dewey Decimal Classification | Préstamo 15 días | General | Biblioteca Central | Biblioteca Central | Planta principal - Colección General | 31/12/2019 | I.173771 | LIBRO | 635.8063 I5 | 33724000253035 | 31/12/2019 | v.2 | 31/12/2019 | Libro |
